Cultura i entorn : memorial Joaquim Franch / recull de textos d'en Joaquim Franch memorial Joaquim Franch / recull de textos d'en Joaquim Franch
Publicado:
Barcelona :
Diputació. Servei de Cultura, Centre d'Estudis i Recursos Culturals, [198 - ?]
Descripción Física:
50 f. en un sobre ; 31 cm
Materias:
Cultura -- Miscel·lànies
MARC
| LEADER | 00000nam a2200000Ia 4500 | ||
|---|---|---|---|
| 001 | 8641 | ||
| 008 | 160829s9999 xx 000 0 cat d | ||
| 080 | |a FOL-1-128 | ||
| 100 | |a Franch i Batlle, Joaquim |9 61130 | ||
| 245 | |a Cultura i entorn : |b memorial Joaquim Franch / recull de textos d'en Joaquim Franch | ||
| 260 | |a Barcelona : |b Diputació. Servei de Cultura, Centre d'Estudis i Recursos Culturals, [198 - ?] | ||
| 300 | |a 50 f. en un sobre ; |c 31 cm | ||
| 650 | |a Cultura |x Miscel·lànies |9 30079 | ||
| 710 | 1 | |a Barcelona (Catalunya : Província). |b Centre d'Estudis i Recursos Culturals |9 52487 | |
| 710 | 1 | |a Barcelona (Catalunya : Província). |b Servei de Cultura |9 54401 | |
| 901 | |a Arxiu | ||
| 942 | |n 1 | ||
| 952 | |0 0 |1 0 |4 0 |6 FOL1128 |7 1 |9 45252 |a Arxiu |b Arxiu |d 2016-12-01 |l 0 |o FOL-1-128 |p 8641 |r 2016-12-01 00:00:00 |w 2016-12-01 |y ARXIU | ||
| 999 | |c 48326 |d 48326 | ||